Čo má vedieť dnešný človek? II.

Podrobná bibliografia
Médium: Kniha
Jazyk:slovenčina
Fyzický popis:[160] s. 12°
Vydavateľské údaje: Bratislava Tatra 1940
Edícia:Abeceda všeobecného vzdelania
Predmet:

MARC

LEADER 00000cam a2200000 a 4500
001 vtls011776032
003 SK-MaSNL
005 20260301184414.0
008 250313s1940 xo 000 0 slo
015 |a SKSNBA19391941-001125 
035 |a urn:nbn:sk:snk-am00d4qc 
035 |a urn:nbn:sk:snk-am3hlnf 
035 |a 83970E63-C786-41C2-BEBA-B9867CB99263 
040 |a SNK  |b slo  |c SNK  |e AACR2 
041 0 |a slo 
044 |a xo  |c SK 
080 |a 0/9  |2 2001 
080 |a (0.062)  |2 2001 
245 0 0 |a Čo má vedieť dnešný človek?  |n II. 
246 1 0 |a Film 
246 1 0 |a Pápeži 
246 1 0 |a Kolónie 
246 1 0 |a Alpy 
246 1 0 |a Rím 
246 1 0 |a Severská literatúra 
246 1 0 |a Renesancia 
246 1 0 |a Beethoven 
246 1 0 |a Latinské citáty 
246 1 0 |a Voda 
260 |a Bratislava  |b Tatra  |c 1940  |e Bratislava  |f Concordia 
300 |a [160] s.  |c 12° 
490 1 |a Abeceda všeobecného vzdelania 
500 |a Obsahuje 10 samostatne stránkovaných zošitov. Edíciu rediguje Július Krmešský 
650 0 7 |a všeobecné vedomosti  |2 SNKPH  |9 4163 
655 7 |a populárno-náučné publikácie  |2 SNKPH  |9 70460 
700 1 |a Krmešský, Július,  |d 1900-1984  |4 red  |9 38436 
830 0 |a Abeceda všeobecného vzdelania  |9 348874 
852 |a Slovenská národná knižnica 
958 |a RK 
958 |a TL 
958 |a OND 
999 |c 860398  |d 862328 
952 |a SNK  |b SNK  |y PREZ  |7 0  |p 17A0908415  |o snkSD 5306/2  |i snk738/46  |0 0  |1 0  |4 0  |d 2018-09-03  |f 1  |l 0  |r 2025-11-12 00:00:00  |w 2026-02-24